| 000 | 00757nam a2200205 i 4500 | ||
|---|---|---|---|
| 001 | 84785 | ||
| 003 | ES-MaACL | ||
| 005 | 20240418135238.0 | ||
| 007 | t| | ||
| 008 | 041124s1960 sp ||||1| cat d | ||
| 100 | 1 |
_aJiménez Reyna, Simeón. _966599 |
|
| 245 | 1 | 4 |
_aLes dólmens d'Antequera / _cSimeón Jiménez Reyna ; preface de Francisco López Estrada, María Esther García González. |
| 260 |
_aAntequera : _b[Biblioteca Antequerana], _c1960 ( _eSeville : _fG.E.H.A.) |
||
| 300 |
_a36 p., 2 lám. : _bil. ; _c19 cm. |
||
| 700 | 0 |
_aLópez Estrada, Francisco, _d1918-2010 _973627 |
|
| 700 | 1 |
_aGarcía González, María Esther. _954715 |
|
| 710 | 2 |
_aBiblioteca Antequerana. _92165 |
|
| 852 |
_aES-MaACL _j2010-F-3 _bR.46793 |
||
| 999 |
_c84785 _d84785 |
||